Detalles MARC
| 000 -LIDER |
| fixed length control field |
01083nam a2200277 a 4500 |
| 001 - NÚMERO DE CONTROL |
| Identificador de número de control |
000006764 |
| 003 - IDENTIFICACDOR DE NÚMERO DE CONTROL |
| control field |
DO-SdBNP |
| 005 - DATE AND TIME OF LATEST TRANSACTION |
| control field |
20240416104820.0 |
| 008 - ELEMENTOS DE LONGITUD FIJA |
| fixed length control field |
090902s2000 dr 001 0 spa d |
| 020 ## - ISBN |
| International Standard Book Number |
9993481904 |
| 040 ## - FUENTE DE CATALOGACIÓN |
| Agencia que crea de manera original el registro |
DO-SdBNP |
| Idioma de catalogación |
spa |
| Agencia que realiza la transcripción |
BPMSU |
| 082 ## - NÚMERO DE CLASIFICACIÓN DECIMAL DE DEWEY |
| Classification number |
RD863.44 |
| Item number |
V443a 2000 |
| Edition number |
22 |
| 245 00 - MENCIÓN DE TITULO |
| Título |
Arqueología de las sombras : |
| Subtítulo |
la narrativa de Marcio Veloz Maggiolo / |
| Mención de responsabilidad |
Editor Fernando Valerio. |
| 260 ## - PUBLICACIÓN, DISTRIBUCIÓN, ETC. (PIE DE IMPRENTA) |
| Lugar de publicación, distribución, etc |
Santo Domingo : |
| Nombre del editor, distribuidor, etc. |
Patronato de la Ciudad Colonial de Santo Domingo , |
| Fecha de publicación, distribución, etc |
2000. |
| 300 ## - DESCRIPCIÓN FÍSICA |
| Extensión |
262 p. ; |
| Dimensiones |
23 cm. |
| 500 ## - NOTA GENERAL |
| Nota general |
Incluye referencias bibliográficas y notas al pie de las páginas |
| 500 ## - NOTA GENERAL |
| Nota general |
Incluye datos biográficos del editor en la solapa de la cubierta |
| 590 ## - NOTA LOCAL |
| Texto de la nota local |
Inventariado, 2022/VM |
| 600 14 - ENCABEZAMIENTO DE MATERIA--NOMBRE PERSONAL |
| Nombre personal |
Veloz Maggiolo, Marcio |
| Fechas asociadas con el nombre |
1936-2021 |
| Subdivisión temática general |
Obra de ficción |
| 650 #4 - ENCABEZAMIENTO DE MATERIA--TEMÁTICO |
| Término temático o nombre geográfico como elemento de entrada |
Novela dominicana |
| Subdivisión temática general |
Historia y crítica |
| 650 #4 - ENCABEZAMIENTO DE MATERIA--TEMÁTICO |
| Término temático o nombre geográfico como elemento de entrada |
Literatura dominicana |
| 700 1# - ASIENTO SECUNDARIO -- NOMBRE PERSONAL |
| Nombre personal |
Valerio-Holguín, Fernando |
| Fechas asociadas con el nombre |
1956- |
| Mención de responsabilidad |
editor |
| 710 2# - ASIENTO SECUNDARIO -- NOMBRE CORPORATIVO |
| Nombre corporativo o de jurisdicción |
Patronato de la Ciudad Colonial de Santo Domingo |
| 910 ## - VALIDACIÓN |
| Validación |
VMateo V.Control de calidad. BPMSU |
| 942 ## - ADDED ENTRY ELEMENTS (KOHA) |
| Source of classification or shelving scheme |
Dewey Decimal Classification |
| Koha item type |
Libros |